Señora de la Merced : (Record no. 13527)
[ view plain ]
| 000 -LEADER | |
|---|---|
| fixed length control field | 00822nam a22002657a 4500 |
| 001 - CONTROL NUMBER | |
| control field | 12152912 |
| 003 - CONTROL NUMBER IDENTIFIER | |
| control field | OSt |
| 005 - DATE AND TIME OF LATEST TRANSACTION | |
| control field | 20140310182441.0 |
| 008 - FIXED-LENGTH DATA ELEMENTS--GENERAL INFORMATION | |
| fixed length control field | 000411s2000 ph 000 1 tgl |
| 010 ## - LIBRARY OF CONGRESS CONTROL NUMBER | |
| LC control number | 00280425 |
| 020 ## - INTERNATIONAL STANDARD BOOK NUMBER | |
| International Standard Book Number | 9715553168 |
| 035 ## - SYSTEM CONTROL NUMBER | |
| System control number | (DLC) 00280425 |
| 037 ## - SOURCE OF ACQUISITION | |
| Source of stock number/acquisition | Library of Congress -- Jakarta Overseas Office |
| Terms of availability | P225.00 |
| 040 ## - CATALOGING SOURCE | |
| Original cataloging agency | DLC |
| Transcribing agency | DLC |
| 042 ## - AUTHENTICATION CODE | |
| Authentication code | lcode |
| 050 ## - LIBRARY OF CONGRESS CALL NUMBER | |
| Classification number | PL 6165.4 |
| Item number | .B57S46 2000 |
| 100 1# - MAIN ENTRY--PERSONAL NAME | |
| Personal name | Bisa, Simplicio P. |
| 9 (RLIN) | 7301 |
| 245 10 - TITLE STATEMENT | |
| Title | Señora de la Merced : |
| Remainder of title | may karugtong ang kahapon : nobela / |
| Statement of responsibility, etc | ni Simplicio P. Bisa. |
| 260 ## - PUBLICATION, DISTRIBUTION, ETC. (IMPRINT) | |
| Place of publication, distribution, etc | Malate, Maynila, Pilipinas : |
| Name of publisher, distributor, etc | De la Salle University Press, |
| Date of publication, distribution, etc | c2000. |
| 300 ## - PHYSICAL DESCRIPTION | |
| Extent | 186 p. ; |
| Dimensions | 21 cm. |
| 906 ## - LOCAL DATA ELEMENT F, LDF (RLIN) | |
| a | 7 |
| b | cbc |
| c | origode |
| d | 4 |
| e | ncip |
| f | 20 |
| g | y-gencatlg |
| 942 ## - ADDED ENTRY ELEMENTS (KOHA) | |
| Source of classification or shelving scheme | Library of Congress Classification |
| Koha item type | |
| Call number prefix | |
| Withdrawn status | Lost status | Source of classification or shelving scheme | Damaged status | Home library | Current library | Shelving location | Date acquired | Total Checkouts | Full call number | Barcode | Date last seen | Copy number | Price effective from | Koha item type |
|---|---|---|---|---|---|---|---|---|---|---|---|---|---|---|
| Library of Congress Classification | South SEED-LPDH College Library | South SEED-LPDH College Library | South SEED-LPDH College Section | 08/03/2013 | PL 6165.4 .B57S46 2000 | SSLC0705 | 05/15/2018 | 1 | 11/06/2013 | Books |